| 000 | 00994nam a22003017a 4500 | ||
|---|---|---|---|
| 003 | CHAP | ||
| 005 | 20220329133749.0 | ||
| 008 | 971013s1963 r 00010 d | ||
| 010 | _a10514 | ||
| 011 | _a11486 | ||
| 035 | _a10724 | ||
| 040 | _cCHAP | ||
| 082 |
_a582 _bD3 |
||
| 100 | 0 | 0 |
_aDalla Torre, Karl Wilhelm von. _930955 |
| 245 | _aGenera siphonogamarum ad systema Englerianum conscripta | ||
| 260 |
_aWiesbaden : _bVerlag fur Wissenschaftliche Neudrucke G.M.B.H., _c1963 |
||
| 300 | _a637 p | ||
| 500 | _aFacimilar de la ed. original con pie de imprenta : Lipsiae, Guileolmi, Engelmann, 1900-1907 | ||
| 590 |
_aBATCH-UPD _b10 _c20130110 _lUCH01 _h0242 |
||
| 590 |
_aBATCH-UPD _b10 _c20130110 _lUCH01 _h2132 |
||
| 590 |
_aCONVERSION _b10 _c20130109 _lUCH01 _h1307 |
||
| 650 | 1 | 4 |
_aEmbryophyta. _936499 |
| 700 | 0 |
_aEngler, Adolfo. _936979 |
|
| 700 | 0 |
_aHarms, Hermann. _952771 |
|
| 901 | _aBK | ||
| 942 | _cLIBRO | ||
| 949 |
_a582 D3 _bBC _cC _d33724000493268 _eC _h28319 _i10724 _si _t475.00 |
||
| 999 |
_c10514 _d10514 |
||